000 00607cam a22002175i 4500
999 _c57172
_d57172
001 21254324
003 GE_BSU
005 20221107151713.0
008 190820t20192019fr 000 0 fre
010 _a 2019460481
020 _a9782234077195x
041 _ageo
080 _a821.133.1-31 C-65
100 1 _aCoatalem, Jean-Luc
_d
_95836
245 1 3 _aLa part du fils :
_broman /
_cJean-Luc Coatalem.
264 4 _c2019.
_aParis :
_bStock,
300 _a261 pages ;
_c22 cm.
653 _aშვილის წილი
653 _aფრანგული რომანი
942 _2udc
_cBK